| 000 | 01292nam a2200337 i 4500 | ||
|---|---|---|---|
| 001 | 27316 | ||
| 003 | BD-RjUL | ||
| 005 | 20211209051135.0 | ||
| 008 | 140325s1979 nyu j b 001 0deng | ||
| 020 | _a0379161710 : | ||
| 035 | _a(BD-RjUL)27388 | ||
| 040 |
_aDLC _cDLC _dDLC _dBD-RjUL _beng |
||
| 041 | _aeng | ||
| 082 | 0 | 0 |
_a975.500202 _bCHR 1979 |
| 245 | 0 | 0 |
_aChronology and documentary handbook of the State of Virginia / _cEllen Lloyd Trover, State editor. |
| 260 |
_aDobbs Ferry, N.Y. : _bOceana Publications, _cc1979. |
||
| 300 |
_ax, 148 p. ; _c24 cm. |
||
| 500 | _aCover title: Virginia, a chronology & documentary handbook. | ||
| 504 | _aBibliography: p. 145-146. and index. | ||
| 520 | _aA history of Virginia in chronological format with supporting documents, biographical outlines of prominent citizens, and a name index. | ||
| 651 | 0 |
_aVirginia _xHistory _xChronology. _983867 |
|
| 651 | 0 |
_aVirginia _xBiography. _983868 |
|
| 651 | 0 |
_aVirginia _xHistory _xSources. _983869 |
|
| 651 | 1 |
_aVirginia _xHistory. _983870 |
|
| 700 | 1 |
_aTrover, Ellen Lloyd. _983685 |
|
| 740 | _aVirginia, a chronology & documentary handbook. | ||
| 942 |
_2ddc _cBK |
||
| 999 |
_c27316 _d27316 |
||